Ježek Sonic = Sonic the Hedgehog. Město v krizi /
Další komiksová dobrodružství ježka Sonica a jeho přátel známých z videoher a animovaných seriálů.
Uloženo v:
| Série: | Ježek Sonic,
část 5 |
|---|---|
| Hlavní autor: | |
| Další autoři: | , , |
| Médium: | E-kniha |
| Jazyk: | Czech |
| Vydáno: |
V Praze :
Alicanto,
2024
|
| Vydání: | 1. vydání |
| Témata: | |
| Příbuzné jednotky: | Z cyklu::
Ježek Sonic |
| Tagy: |
Žádné tagy |
| LEADER | 02551nam a2200541 i 4500 | ||
|---|---|---|---|
| 001 | 312588 | ||
| 003 | CZ PrSKC | ||
| 005 | 20260601215725.0 | ||
| 007 | ta | ||
| 008 | 241122s2024 xr a b 6 000 1 cze | ||
| 015 | |a cnb003644767 | ||
| 020 | |a 9788025258842 |q (brožováno) |z 089-80-252-5884-2 : |c Kč 269,00 | ||
| 035 | |a (OCoLC)1498301024 | ||
| 040 | |a ABG001 |b cze |d ABA001 |e rda | ||
| 041 | 1 | |a cze |h eng | |
| 072 | 7 | |a 741.52 |x Komiksy. Komiksové adaptace |2 Konspekt | |
| 072 | 7 | |a 821-93 |x Literatura pro děti a mládež (beletrie) |2 Konspekt | |
| 080 | |a 741.52(0:82-321.3) |2 MRF | ||
| 080 | |a 821-93 |2 MRF | ||
| 100 | 1 | |a Flynn, Ian, |d 1982- |7 xx0263812 |4 aut | |
| 240 | 1 | 0 | |a Crisis city. |l Česky |
| 245 | 1 | 0 | |a Ježek Sonic = |b Sonic the Hedgehog. |p Město v krizi / |c scénář: Ian Flynn ; kresba: Tracy Yardley a Jack Lawrence ; z anglického originálu ... přeložil Petr Novotný |
| 246 | 3 | 0 | |a Město v krizi |
| 246 | 3 | 1 | |a Sonic the Hedgehog |
| 250 | |a 1. vydání | ||
| 264 | 1 | |a V Praze : |b Alicanto, |c 2024 | |
| 300 | |a 88 nečíslovaných stran : |b barevné ilustrace ; |c 26 cm | ||
| 336 | |a text |b txt |2 rdacontent | ||
| 336 | |a statický obraz |b sti |2 rdacontent | ||
| 337 | |a bez média |b n |2 rdamedia | ||
| 338 | |a svazek |b nc |2 rdacarrier | ||
| 500 | |a Na titulní stránce uveden držitel práv: Sega | ||
| 520 | 2 | |a Další komiksová dobrodružství ježka Sonica a jeho přátel známých z videoher a animovaných seriálů. |b Dr. Eggman zamořuje celou planetu svým metal virem. Dokáže Sonic zachránit město v kritické situaci? Nakladatelská anotace. Kráceno. | |
| 521 | 8 | |a Pro děti od 8 let | |
| 655 | 7 | |a akční a dobrodružné komiksy |7 fd1057471 |2 czenas | |
| 655 | 7 | |a publikace pro děti |7 fd133156 |2 czenas | |
| 655 | 9 | |a action and adventure comics |2 eczenas | |
| 655 | 9 | |a children's literature |2 eczenas | |
| 700 | 1 | |a Yardley!, Tracy, |d 1979- |7 xx0307847 |4 ill | |
| 700 | 1 | |a Lawrence, Jack, |d 1975- |7 xx0245696 |4 ill | |
| 700 | 1 | |a Novotný, Petr, |d 1975 červenec 29.- |7 kv2015892418 |4 trl | |
| 787 | 0 | 8 | |i Z cyklu: |t Ježek Sonic |g 5 |
| 900 | |a ABA001 |b 21 | ||
| 928 | 9 | |a Albatros Media - Alicanto | |
| 044 | |a xr | ||
| 910 | |a RBIT002 | ||
| 998 | |d 416318 |a https://core.palmknihy.cz/api/books/416318/cover?snsjke |b https://core.palmknihy.cz/api/books/416318/cover/400?snsjke |c https://core.palmknihy.cz/api/books/416318/cover/50?snsjke |e 2027-06-30 |g 88 |i 9788025258842 |k https://core.palmknihy.cz/api/books/416318/preview.pdf |l |q 49 |r 1 |s https://www.palmknihy.cz/kniha/416318 |t ebook |y 2024 |z 0 |v Ježek Sonic |w 5 | ||
| 999 | |d 312586 | ||